[Event "Oberliga Ost-A 1718"]
[Site "Germany"]
[Date "2018.03.18"]
[Round "9.4"]
[White "Jurasek, Miroslav"]
[Black "Fritsch, Andreas"]
[Result "1-0"]
[WhiteElo "2276"]
[BlackElo "2102"]
[PlyCount "107"]
[EventDate "2017.10.22"]
[EventType "team-tourn"]
[EventRounds "11"]
[EventCountry "GER"]
[SourceTitle "EXT 2019"]
[Source "ChessBase"]
[SourceDate "2018.10.10"]
[SourceVersion "1"]
[SourceVersionDate "2018.10.10"]
[SourceQuality "1"]
[WhiteTeam "Aue Nickelhuette II"]
[BlackTeam "Naumburg"]
[WhiteTeamCountry "GER"]
[BlackTeamCountry "GER"]

1. e4 Nc6 2. Nf3 d6 3. d4 Nf6 4. Nc3 g6 5. Be3 Bg7 6. Qd2 0-0 7. Bh6 Bg4 8. Bxg7 Kxg7 9. d5 Nb8 10. Nd4 c5 11. Nde2 b5 12. f3 Bd7 13. h4 h5 14. Nf4 Qa5 15. Be2 Rh8 16. a4 a6 17. Nd1 Qxd2+ 18. Kxd2 b4 19. a5 e5 20. dxe6 Bxe6 21. Ne3 Rd8 22. Rhd1 Nc6 23. Ke1 Nd4 24. Rd2 Ne8 25. Rad1 Ra7 26. Bc4 Bd7 27. c3 Nc6 28. cxb4 Nxb4 29. Nfd5 Nc6 30. Ra1 Nd4 31. b4 Bb5 32. Rb1 f5 33. exf5 Bxc4 34. Nxc4 Nxf5 35. Kf2 Nxh4 36. Nf4 Rb8 37. Nxd6 cxb4 38. Nxe8+ Rxe8 39. Rxb4 Nf5 40. Rb6 Re5 41. Rxg6+ Kf7 42. Rg5 h4 43. Rd5 Rxd5 44. Nxd5 Ke6 45. Ne3 Nd4 46. Rg4 Nb3 47. Rxh4 Ke5 48. Rh5+ Kd4 49. Rd5+ Kc3 50. g4 Nd4 51. Nf5 Ne6 52. Re5 Nf4 53. Ke3 Nd3 54. Re7 1-0

[Event "CZE-chT1W 1718"]
[Site "Czech Republic"]
[Date "2018.01.21"]
[Round "6.2"]
[White "Sokolov, Alexander"]
[Black "Jurasek, Miroslav"]
[Result "0-1"]
[WhiteElo "2388"]
[BlackElo "2291"]
[PlyCount "64"]
[EventDate "2017.10.29"]
[EventType "team-tourn"]
[EventRounds "11"]
[EventCountry "CZE"]
[SourceTitle "EXT 2019"]
[Source "ChessBase"]
[SourceDate "2018.10.10"]
[SourceVersion "1"]
[SourceVersionDate "2018.10.10"]
[SourceQuality "1"]
[WhiteTeam "Pankrac"]
[BlackTeam "Praha DP Tarok"]
[WhiteTeamCountry "CZE"]
[BlackTeamCountry "CZE"]

1. e4 e5 2. f4 Bc5 3. Nf3 d6 4. Nc3 Nf6 5. Bc4 Nc6 6. d3 Bg4 7. h3 Bxf3 8. Qxf3 Nd4 9. Qg3 0-0 10. Kd1 exf4 11. Bxf4 Nh5 12. Qg4 Nxf4 13. Qxf4 c6 14. Rf1 Qe7 15. Kd2 b5 16. Bb3 a5 17. a4 Nxb3+ 18. cxb3 bxa4 19. bxa4 Rab8 20. Rab1 Rb4 21. Kc2 Rfb8 22. b3 Qb7 23. Kd2 Qe7 24. Kc2 Qb7 25. Kd2 d5 26. Qf5 g6 27. Qg5 Bd4 28. Ne2 dxe4 29. dxe4 Bg7 30. Qxa5 Rxe4 31. Qg5 Qd7+ 32. Ke1 Qd3 0-1

[Event "CZE-chT 1718"]
[Site "Czech Republic"]
[Date "2018.01.14"]
[Round "6.2"]
[White "Talla, Vladimir"]
[Black "Jurasek, Miroslav"]
[Result "1-0"]
[WhiteElo "2395"]
[BlackElo "2291"]
[PlyCount "51"]
[EventDate "2017.11.18"]
[EventType "team-tourn"]
[EventRounds "11"]
[EventCountry "CZE"]
[SourceTitle "EXT 2019"]
[Source "ChessBase"]
[SourceDate "2018.10.10"]
[SourceVersion "1"]
[SourceVersionDate "2018.10.10"]
[SourceQuality "1"]
[WhiteTeam "Ostrava Labortech"]
[BlackTeam "Lysa nad Labem II"]
[WhiteTeamCountry "CZE"]
[BlackTeamCountry "CZE"]

1. d4 d5 2. c4 e6 3. Nf3 Nf6 4. g3 Bb4+ 5. Bd2 Be7 6. Bg2 0-0 7. 0-0 Nbd7 8. Qc2 c6 9. Bf4 b6 10. Ne5 Bb7 11. Nc3 Rc8 12. e4 c5 13. dxc5 Rxc5 14. cxd5 exd5 15. Rfd1 Nxe5 16. Bxe5 Qc8 17. Bd4 Rc4 18. exd5 Rd8 19. Qe2 Bb4 20. Bxf6 gxf6 21. Ne4 Kg7 22. b3 Rc2 23. Qh5 Re8 24. Nxf6 Kxf6 25. Qh6+ Ke7 26. d6+ 1-0

[Event "CZE-chT 1718"]
[Site "Czech Republic"]
[Date "2017.12.03"]
[Round "4.6"]
[White "Petr, Martin"]
[Black "Jurasek, Miroslav"]
[Result "1-0"]
[WhiteElo "2497"]
[BlackElo "2291"]
[PlyCount "53"]
[EventDate "2017.11.18"]
[EventType "team-tourn"]
[EventRounds "11"]
[EventCountry "CZE"]
[SourceTitle "CBM 181 Extra"]
[Source "ChessBase"]
[SourceDate "2017.12.12"]
[SourceVersion "1"]
[SourceVersionDate "2017.12.12"]
[SourceQuality "1"]
[WhiteTeam "Pardubice"]
[BlackTeam "Lysa nad Labem II"]
[WhiteTeamCountry "CZE"]
[BlackTeamCountry "CZE"]

1. e4 e5 2. Nf3 Nc6 3. d4 exd4 4. Nxd4 Bc5 5. Nb3 Bb6 6. Nc3 Qf6 7. Qe2 Nge7 8. h4 Nd4 9. Nxd4 Bxd4 10. Bd2 0-0 11. g4 d5 12. g5 Qe6 13. Bh3 Qc6 14. Bg2 Be6 15. 0-0-0 Rad8 16. f4 Bxc3 17. Bxc3 d4 18. Rxd4 Rxd4 19. Bxd4 Bxa2 20. Qe3 Re8 21. b3 a5 22. Qc3 a4 23. Kb2 Bxb3 24. cxb3 Qb5 25. Bf1 Qd7 26. Bxg7 Ng6 27. Bh6 1-0